000 00399nam a2200157Ia 4500
008 230312s9999||||xx |||||||||||||| ||und||
020 _a81-89411-32-9
082 _a621
_bGOD-D
100 _aGodse,A.P
245 0 _aDigital Electronics
260 _bTechnical Publications Pune
_aIndia
_c2008
300 _a736
546 _aEng.
650 _aEngineering
_vNumber Systems,Binary Codes
942 _cBK
999 _c1902
_d1902